000 00890nam a22002657a 4500
001 7402
003 FISKH
005 20250714085843.0
008 250714b cb ||||| |||| 00| 0 eng d
020 _a9780709712848
040 _aFISKH
_beng
_cFISKH
_dFISKH
050 _aPZ7
082 _a394.2663
100 _aSpurgeon, Maureen
245 _aLarge print fairy tales /
_cStory retold by aureen Spurgeon
250 _aThis edition Published in 2004
260 _aLeics LE8 0HG :
_bBrown Watson,
_c1999
300 _a79 pages :
_bcolor illustrations ;
_c24 cm
505 _aJ
520 _aLarge Print Fairy Tales is a beautifully illustrated collection of three classic fairy tales, retold in simple language for young readers.
521 8 _a500
_bLexile estimate
521 8 _aJ
_bRaz-Plus
650 _aFairy tales
_vFiction
_xPicture Book
942 _2ddc
_cBK
_n0
999 _c7402
_d7402